00410nam a2200145Ia 4500003000400000005001700004008004100021040000900062082001500071100002400086245006200110260006200172300000900234650002100243OSt20201009113425.0190216s9999||||xx |||||||||||||| ||und|| coclc a005bKOR/I aKoroth, Abdul Assis 0aInformation Technology For Business /cAbdul Assis Koroth bCalicut University Central Co-Operative,c2009.aCalicut: a326p aComputer Science